000 01092nam a2200241Ia 4500
999 _c53471
_d53471
001 20517
003 GE_BSU
005 20210107224608.0
008 181216s1962||||ge |||||||||||||| ||geo||
040 _cGE_BSU
041 _ageo
080 _a811.353.1-84(075.3=161.1) დ-15
100 _aდავითიანი, ა.
_93905
245 _aქართული ენა 3კლასი :
_bრუსული სკოლის მე-3 კლასისათვის /
_cა. დავითიანი, ვ. მუშკუდიანი ; რედ. ე. ივანაშვილი.
264 _aთბილისი :
_bცოდნა,
_c1962.
300 _a136 გვ. :
_bილ. ;
_c22სმ..
541 _h22 თ.
653 _aრუსული სკოლის მე-3 კლასისათვის
653 _aქართული ენა 3 კლასი
700 _aმუშკუდიანი, ვ.
_eავტორი
_99545
700 _aივანაშვილი, ე.
_eრედაქტორი
_95394
942 _cBK
_2udc